00647nam a2200193Ia 4500001001000000003000500010008004100015010001100056040000900067082001900076100001900095245013200114300000900246440001700255500010900272650004300381650001500424650001400439Para_7717CHAP220125s9999 xx 000 0 und d a206736 cCHAP aPA-C 595.77 D5 aReinhard, H.J. aNotes on the muscoid flies of the genera opelousia and opsexia with the description of three new species /c by H. J. Reinhard a9 P. aDíptera; 4 aSobretiro de: Proceedings U.S. National Museum 76 (2817): 1-9. Encuadernado con otros impresos similares aDípteros x colecciones de escritos  aOpelousia  aOpsodexia